000 01212nam a22003857a 4500
001 0055343
003 KOHA_MİRAKIL
005 20260207004017.0
007 ta
008 160215b2015 tu |||gr||||#||||0|tur |
020 _a9786059241069
040 _aTR-BiSEU
_btur
_cTR-BiSEU
_erda
041 0 _atur
044 _ctu
050 _aJQ1805
_b.T36 2015
100 1 _aTaneri, Aydın .
245 1 _aTürk devlet geleneği :
_bdün-bugün/
_cAydın Taneri ; Aydın Taneri.
264 1 _aİstanbul :
_bBilge Kültür Sanat
_c2015
300 _a399 sayfa; 25 cm.
336 _ametin
_btxt
_2rdacontent
337 _aaracısız
_bn
_2rdamedia
338 _acilt
_bnc
_2rdacarrier
490 1 _aYayın No ;
_v706.
500 _aKaynakça var.
650 0 _aTürkiye--Siyaset ve yönetim 1909-.
_944576
650 0 _aTurkey--Politics and government 1909-.
_921678
650 0 _aAnayasa tarihi--Türkiye.
_96713
650 0 _aConstitutional history--Turkey.
_99140
650 0 _aDevlet--Türkiye.
_944577
650 0 _aState, The--Turkey.
_944578
650 0 _aDevlet hizmeti--Türkiye.
_944579
650 0 _aCivil service--Turkey.
_923138
830 1 _aYayın No ;
_v706.
_91861
942 _2lcc
_cBK
999 _c55151
_d55151